| 000 | 00512nam a2200181 a 4500 | ||
|---|---|---|---|
| 003 | OSt | ||
| 005 | 20140310183332.0 | ||
| 008 | 060822s19uu xx 00 eng d | ||
| 020 | _a0571057956 | ||
| 050 |
_aP 361 _b.Se82 2000 |
||
| 245 |
_aSeven language dictionary. _cSchumaker, David |
||
| 260 |
_aNew York : _bGramercy Books, _c2000. |
||
| 300 |
_a828 p. : _bill. ; _c24 cm. |
||
| 650 | _aDictionaries, Polyglot. | ||
| 650 |
_aEnglish language _xDictionaries _xPolyglot. |
||
| 942 |
_cBK _2lcc |
||
| 999 |
_c21582 _d21582 |
||